[Event "April 9 Early 2024"]
[Site "Chess.com"]
[Date "2024.04.09"]
[Round "2"]
[White "Eilers, Stefan"]
[Black "Perez Cruz, Adianet"]
[Result "1-0"]
[Board "278"]
[WhiteFideId "4609565"]
[BlackFideId "3510115"]
[WhiteTitle "FM"]
[BlackTitle "WFM"]
[WhiteElo "2472"]
[BlackElo "2023"]
[WhiteTeam "GER"]
[BlackTeam "CUB"]
[WhiteClock "0:01:52"]
[BlackClock "0:01:42"]
[Variant "Standard"]

1. d4 {[%clk 0:02:32]}  d5 {[%clk 0:02:59]} 2. Nf3 {[%clk 0:02:33]}  Nf6 {[%clk 0:02:59]} 3. g3 {[%clk 0:02:33]}  c6 {[%clk 0:02:59]} 4. Bg2 {[%clk 0:02:33]}  Bf5 {[%clk 0:02:59]} 5. Nh4 {[%clk 0:02:33]}  Bc8 {[%clk 0:02:59]} 6. O-O {[%clk 0:02:31]}  h6 {[%clk 0:02:59]} 7. Nd2 {[%clk 0:02:30]}  Nbd7 {[%clk 0:02:59]} 8. c4 {[%clk 0:02:28]}  e5 {[%clk 0:02:56]} 9. dxe5 {[%clk 0:02:24]}  Nxe5 {[%clk 0:02:57]} 10. cxd5 {[%clk 0:02:24]}  Nxd5 {[%clk 0:02:57]} 11. e4 {[%clk 0:02:23]}  Nb6 {[%clk 0:02:52]} 12. a4 {[%clk 0:02:21]}  Be7 {[%clk 0:02:52]} 13. a5 {[%clk 0:02:19]}  Nbd7 {[%clk 0:02:42]} 14. Nf5 {[%clk 0:02:19]}  Bf6 {[%clk 0:02:40]} 15. Nd6+ {[%clk 0:02:18]}  Kf8 {[%clk 0:02:39]} 16. f4 {[%clk 0:02:11]}  Nd3 {[%clk 0:02:36]} 17. e5 {[%clk 0:02:06]}  Be7 {[%clk 0:02:36]} 18. N2e4 {[%clk 0:01:59]}  Nxc1 {[%clk 0:02:35]} 19. Qxc1 {[%clk 0:01:57]}  Bxd6 {[%clk 0:02:33]} 20. Nxd6 {[%clk 0:01:56]}  Qe7 {[%clk 0:02:30]} 21. a6 {[%clk 0:01:54]}  b6 {[%clk 0:01:42]} 22. Qxc6 {[%clk 0:01:52]} 1-0

[Event "April 9 Early 2024"]
[Site "Chess.com"]
[Date "2024.04.09"]
[Round "2"]
[White "Schoenfeld, Gabriel"]
[Black "Slovineanu, Viacheslav"]
[Result "0-1"]
[Board "279"]
[WhiteFideId "30912636"]
[BlackFideId "13900510"]
[BlackTitle "IM"]
[WhiteElo "2022"]
[BlackElo "2472"]
[WhiteTeam "USA"]
[BlackTeam "MDA"]
[WhiteClock "0:00:45"]
[BlackClock "0:00:12"]
[Variant "Standard"]

1. e4 {[%clk 0:03:00]}  c6 {[%clk 0:02:59]} 2. d4 {[%clk 0:03:00]}  d5 {[%clk 0:02:59]} 3. f3 {[%clk 0:03:00]}  dxe4 {[%clk 0:02:59]} 4. fxe4 {[%clk 0:03:00]}  e5 {[%clk 0:02:59]} 5. Nf3 {[%clk 0:02:59]}  Be6 {[%clk 0:02:58]} 6. c3 {[%clk 0:02:57]}  Nd7 {[%clk 0:02:58]} 7. Bd3 {[%clk 0:02:57]}  Bd6 {[%clk 0:02:56]} 8. O-O {[%clk 0:02:56]}  Ngf6 {[%clk 0:02:56]} 9. Kh1 {[%clk 0:02:54]}  O-O {[%clk 0:02:55]} 10. Bg5 {[%clk 0:02:52]}  Qc7 {[%clk 0:02:47]} 11. Nbd2 {[%clk 0:02:50]}  h6 {[%clk 0:02:43]} 12. Bxf6 {[%clk 0:02:42]}  Nxf6 {[%clk 0:02:42]} 13. Nc4 {[%clk 0:02:41]}  Bxc4 {[%clk 0:02:36]} 14. Bxc4 {[%clk 0:02:39]}  Rfe8 {[%clk 0:02:13]} 15. Qc2 {[%clk 0:02:05]}  exd4 {[%clk 0:02:06]} 16. cxd4 {[%clk 0:02:05]}  Rxe4 {[%clk 0:02:03]} 17. Rad1 {[%clk 0:01:36]}  Rae8 {[%clk 0:01:59]} 18. a4 {[%clk 0:01:32]}  a5 {[%clk 0:01:37]} 19. h3 {[%clk 0:01:19]}  Nh5 {[%clk 0:01:31]} 20. Rfe1 {[%clk 0:01:18]}  Ng3+ {[%clk 0:01:26]} 21. Kg1 {[%clk 0:01:16]}  Qe7 {[%clk 0:01:12]} 22. Rxe4 {[%clk 0:01:12]}  Qxe4 {[%clk 0:01:12]} 23. Qf2 {[%clk 0:01:07]}  Ne2+ {[%clk 0:00:43]} 24. Kh1 {[%clk 0:01:04]}  Qc2 {[%clk 0:00:35]} 25. Bxf7+ {[%clk 0:01:01]}  Kxf7 {[%clk 0:00:23]} 26. Ne1+ {[%clk 0:01:01]}  Kg8 {[%clk 0:00:12]} 27. Nxc2 {[%clk 0:01:00]}  Ng3+ {[%clk 0:00:11]} 28. Kg1 {[%clk 0:01:00]}  Re2 {[%clk 0:00:11]} 29. Qf5 {[%clk 0:00:52]}  Nxf5 {[%clk 0:00:10]} 30. Na3 {[%clk 0:00:50]}  Rxb2 {[%clk 0:00:10]} 31. Nc4 {[%clk 0:00:50]}  Rc2 {[%clk 0:00:10]} 32. Nxd6 {[%clk 0:00:50]}  Nxd6 {[%clk 0:00:10]} 33. Rb1 {[%clk 0:00:50]}  b5 {[%clk 0:00:10]} 34. axb5 {[%clk 0:00:50]}  cxb5 {[%clk 0:00:10]} 35. Re1 {[%clk 0:00:48]}  a4 {[%clk 0:00:10]} 36. Re6 {[%clk 0:00:48]}  Nc4 {[%clk 0:00:10]} 37. Rc6 {[%clk 0:00:48]}  a3 {[%clk 0:00:11]} 38. Ra6 {[%clk 0:00:47]}  a2 {[%clk 0:00:11]} 39. d5 {[%clk 0:00:48]}  Rc1+ {[%clk 0:00:10]} 40. Kh2 {[%clk 0:00:47]}  a1=Q {[%clk 0:00:11]} 41. Rxa1 {[%clk 0:00:45]}  Rxa1 {[%clk 0:00:12]} 0-1

[Event "April 9 Early 2024"]
[Site "Chess.com"]
[Date "2024.04.09"]
[Round "2"]
[White "Caetano, Hugo Zanotti Mendonca"]
[Black "Roebers, Jan"]
[Result "1-0"]
[Board "281"]
[WhiteFideId "2119420"]
[BlackFideId "1007815"]
[BlackTitle "FM"]
[WhiteElo "2466"]
[BlackElo "2002"]
[WhiteTeam "BRA"]
[BlackTeam "NED"]
[WhiteClock "0:01:18"]
[BlackClock "0:01:06"]
[Variant "Standard"]

1. d4 {[%clk 0:03:00]}  Nf6 {[%clk 0:02:59]} 2. c4 {[%clk 0:03:01]}  g6 {[%clk 0:02:59]} 3. Nc3 {[%clk 0:03:01]}  Bg7 {[%clk 0:02:59]} 4. Nf3 {[%clk 0:03:00]}  O-O {[%clk 0:02:58]} 5. e3 {[%clk 0:03:00]}  d6 {[%clk 0:02:58]} 6. b3 {[%clk 0:02:59]}  Nc6 {[%clk 0:02:54]} 7. Bb2 {[%clk 0:02:59]}  Bg4 {[%clk 0:02:53]} 8. Be2 {[%clk 0:02:56]}  e5 {[%clk 0:02:48]} 9. h3 {[%clk 0:02:41]}  Bxf3 {[%clk 0:02:46]} 10. Bxf3 {[%clk 0:02:42]}  exd4 {[%clk 0:02:45]} 11. exd4 {[%clk 0:02:40]}  Re8+ {[%clk 0:02:44]} 12. Ne2 {[%clk 0:02:41]}  d5 {[%clk 0:02:38]} 13. O-O {[%clk 0:02:40]}  Qd7 {[%clk 0:02:35]} 14. Nc3 {[%clk 0:02:30]}  Rad8 {[%clk 0:02:25]} 15. Nxd5 {[%clk 0:02:26]}  Nxd5 {[%clk 0:02:25]} 16. Bxd5 {[%clk 0:02:27]}  Nb4 {[%clk 0:02:11]} 17. Bxb7 {[%clk 0:02:22]}  c6 {[%clk 0:02:09]} 18. a3 {[%clk 0:02:20]}  Qxb7 {[%clk 0:02:06]} 19. axb4 {[%clk 0:02:20]}  Qxb4 {[%clk 0:02:06]} 20. Rxa7 {[%clk 0:02:18]}  c5 {[%clk 0:02:04]} 21. Qf3 {[%clk 0:02:12]}  Rf8 {[%clk 0:02:03]} 22. Ba3 {[%clk 0:02:08]}  Qb8 {[%clk 0:01:51]} 23. Bxc5 {[%clk 0:02:05]}  Bxd4 {[%clk 0:01:51]} 24. Rb7 {[%clk 0:02:05]}  Qc8 {[%clk 0:01:35]} 25. Bxf8 {[%clk 0:02:02]}  Rxf8 {[%clk 0:01:32]} 26. Rd1 {[%clk 0:01:58]}  Qc5 {[%clk 0:01:26]} 27. Rd7 {[%clk 0:01:39]}  Be5 {[%clk 0:01:18]} 28. Rd8 {[%clk 0:01:28]}  Kg7 {[%clk 0:01:12]} 29. Rxf8 {[%clk 0:01:22]}  Qxf8 {[%clk 0:01:12]} 30. Qd5 {[%clk 0:01:19]}  Bf6 {[%clk 0:01:06]} 31. c5 {[%clk 0:01:18]} 1-0

[Event "April 9 Early 2024"]
[Site "Chess.com"]
[Date "2024.04.09"]
[Round "2"]
[White "Gazineu Neto, Rubens"]
[Black "Fontaine, Quentin"]
[Result "0-1"]
[Board "282"]
[WhiteFideId "2174685"]
[BlackFideId "230804"]
[BlackTitle "FM"]
[WhiteElo "2001"]
[BlackElo "2465"]
[WhiteTeam "BRA"]
[BlackTeam "BEL"]
[WhiteClock "0:00:00"]
[BlackClock "0:00:18"]
[Variant "Standard"]

1. e4 {[%clk 0:03:00]}  c5 {[%clk 0:02:58]} 2. Nf3 {[%clk 0:02:59]}  e6 {[%clk 0:02:59]} 3. d4 {[%clk 0:03:00]}  cxd4 {[%clk 0:03:00]} 4. Nxd4 {[%clk 0:03:01]}  Nc6 {[%clk 0:03:00]} 5. Nc3 {[%clk 0:03:00]}  a6 {[%clk 0:03:00]} 6. a3 {[%clk 0:03:00]}  b5 {[%clk 0:02:59]} 7. Nxc6 {[%clk 0:02:56]}  dxc6 {[%clk 0:03:00]} 8. Qxd8+ {[%clk 0:02:56]}  Kxd8 {[%clk 0:03:01]} 9. Bf4 {[%clk 0:02:49]}  f6 {[%clk 0:02:53]} 10. O-O-O+ {[%clk 0:02:47]}  Ke8 {[%clk 0:02:53]} 11. Bd6 {[%clk 0:02:35]}  Ne7 {[%clk 0:02:46]} 12. Na2 {[%clk 0:02:17]}  Bb7 {[%clk 0:02:41]} 13. f3 {[%clk 0:02:10]}  g6 {[%clk 0:02:37]} 14. c4 {[%clk 0:02:10]}  Bh6+ {[%clk 0:02:34]} 15. Kb1 {[%clk 0:02:07]}  Kf7 {[%clk 0:02:35]} 16. Bc5 {[%clk 0:01:59]}  Rhd8 {[%clk 0:02:32]} 17. Be2 {[%clk 0:01:59]}  Bf4 {[%clk 0:02:24]} 18. Bb6 {[%clk 0:01:50]}  Rxd1+ {[%clk 0:02:20]} 19. Rxd1 {[%clk 0:01:48]}  Ke8 {[%clk 0:02:12]} 20. g3 {[%clk 0:01:46]}  Bh6 {[%clk 0:02:06]} 21. Rd6 {[%clk 0:01:39]}  Bc8 {[%clk 0:01:56]} 22. Nb4 {[%clk 0:01:21]}  Bd7 {[%clk 0:01:48]} 23. cxb5 {[%clk 0:00:55]}  Nc8 {[%clk 0:01:32]} 24. Rxd7 {[%clk 0:00:49]}  Kxd7 {[%clk 0:01:32]} 25. bxc6+ {[%clk 0:00:50]}  Kd6 {[%clk 0:01:28]} 26. Ba5 {[%clk 0:00:40]}  Bd2 {[%clk 0:01:16]} 27. Bc4 {[%clk 0:00:24]}  Ne7 {[%clk 0:00:59]} 28. Kc2 {[%clk 0:00:20]}  Be1 {[%clk 0:00:54]} 29. c7 {[%clk 0:00:20]}  Kd7 {[%clk 0:00:45]} 30. Kd1 {[%clk 0:00:10]}  Bxb4 {[%clk 0:00:41]} 31. axb4 {[%clk 0:00:11]}  Nc6 {[%clk 0:00:39]} 32. Kc2 {[%clk 0:00:10]}  Nxa5 {[%clk 0:00:33]} 33. bxa5 {[%clk 0:00:11]}  Ra7 {[%clk 0:00:24]} 34. Bxe6+ {[%clk 0:00:09]}  Kxc7 {[%clk 0:00:23]} 35. Bd5 {[%clk 0:00:09]}  Kd6 {[%clk 0:00:23]} 36. Kc3 {[%clk 0:00:09]}  Kc5 {[%clk 0:00:23]} 37. b4+ {[%clk 0:00:09]}  Kd6 {[%clk 0:00:24]} 38. Kc4 {[%clk 0:00:09]}  g5 {[%clk 0:00:24]} 39. b5 {[%clk 0:00:08]}  Rc7+ {[%clk 0:00:22]} 40. Kb4 {[%clk 0:00:08]}  axb5 {[%clk 0:00:22]} 41. Kxb5 {[%clk 0:00:09]}  Rc1 {[%clk 0:00:20]} 42. a6 {[%clk 0:00:08]}  Rb1+ {[%clk 0:00:21]} 43. Ka5 {[%clk 0:00:08]}  Kc5 {[%clk 0:00:21]} 44. Ka4 {[%clk 0:00:05]}  Ra1+ {[%clk 0:00:20]} 45. Kb3 {[%clk 0:00:05]}  Rxa6 {[%clk 0:00:20]} 46. h4 {[%clk 0:00:06]}  h6 {[%clk 0:00:20]} 47. hxg5 {[%clk 0:00:05]}  hxg5 {[%clk 0:00:20]} 48. Kc3 {[%clk 0:00:06]}  Ra3+ {[%clk 0:00:19]} 49. Bb3 {[%clk 0:00:05]}  Ra1 {[%clk 0:00:17]} 50. Kd3 {[%clk 0:00:03]}  Rg1 {[%clk 0:00:17]} 51. g4 {[%clk 0:00:03]}  Rb1 {[%clk 0:00:17]} 52. Bc2 {[%clk 0:00:02]}  Ra1 {[%clk 0:00:17]} 53. Ke3 {[%clk 0:00:02]}  Ra3+ {[%clk 0:00:17]} 54. Bd3 {[%clk 0:00:00]}  Kb4 {[%clk 0:00:18]} 0-1

[Event "April 9 Early 2024"]
[Site "Chess.com"]
[Date "2024.04.10"]
[Round "2"]
[White "Estrada Nieto, Julian"]
[Black "Bezerra, Natacio Goncalves"]
[Result "1-0"]
[Board "283"]
[WhiteFideId "5101018"]
[BlackFideId "2134314"]
[WhiteTitle "IM"]
[WhiteElo "2463"]
[BlackElo "2000"]
[WhiteTeam "MEX"]
[BlackTeam "BRA"]
[WhiteClock "0:01:52"]
[BlackClock "0:01:04"]
[Variant "Standard"]

1. e4 {[%clk 0:02:56]}  c6 {[%clk 0:02:59]} 2. d4 {[%clk 0:02:55]}  d5 {[%clk 0:03:00]} 3. exd5 {[%clk 0:02:54]}  cxd5 {[%clk 0:03:00]} 4. Bd3 {[%clk 0:02:55]}  Nc6 {[%clk 0:02:59]} 5. c3 {[%clk 0:02:55]}  Qc7 {[%clk 0:02:59]} 6. h3 {[%clk 0:02:54]}  Nf6 {[%clk 0:02:57]} 7. Nf3 {[%clk 0:02:54]}  g6 {[%clk 0:02:57]} 8. O-O {[%clk 0:02:53]}  Bf5 {[%clk 0:02:56]} 9. Re1 {[%clk 0:02:51]}  Bxd3 {[%clk 0:02:56]} 10. Qxd3 {[%clk 0:02:51]}  Bg7 {[%clk 0:02:56]} 11. Bg5 {[%clk 0:02:51]}  O-O {[%clk 0:02:56]} 12. Bxf6 {[%clk 0:02:51]}  Bxf6 {[%clk 0:02:56]} 13. Nbd2 {[%clk 0:02:51]}  Rfe8 {[%clk 0:02:40]} 14. Re2 {[%clk 0:02:46]}  e5 {[%clk 0:02:38]} 15. dxe5 {[%clk 0:02:45]}  Nxe5 {[%clk 0:02:37]} 16. Nxe5 {[%clk 0:02:45]}  Bxe5 {[%clk 0:02:37]} 17. Rae1 {[%clk 0:02:44]}  Bh2+ {[%clk 0:02:37]} 18. Kf1 {[%clk 0:02:42]}  Rxe2 {[%clk 0:02:37]} 19. Rxe2 {[%clk 0:02:42]}  Bf4 {[%clk 0:02:22]} 20. Nf3 {[%clk 0:02:35]}  Rd8 {[%clk 0:02:16]} 21. Nd4 {[%clk 0:02:32]}  a6 {[%clk 0:02:06]} 22. g3 {[%clk 0:02:29]}  Bh6 {[%clk 0:02:04]} 23. Kg2 {[%clk 0:02:29]}  Bg7 {[%clk 0:02:04]} 24. Rd2 {[%clk 0:02:24]}  Qb6 {[%clk 0:02:02]} 25. Qe3 {[%clk 0:02:18]}  Qc7 {[%clk 0:01:36]} 26. h4 {[%clk 0:02:18]}  b5 {[%clk 0:01:36]} 27. a3 {[%clk 0:02:16]}  Qd7 {[%clk 0:01:29]} 28. Qf3 {[%clk 0:02:15]}  a5 {[%clk 0:01:24]} 29. Nc2 {[%clk 0:02:13]}  Qe6 {[%clk 0:01:19]} 30. Nd4 {[%clk 0:02:10]}  Qb6 {[%clk 0:01:18]} 31. Qd3 {[%clk 0:01:54]}  b4 {[%clk 0:01:17]} 32. axb4 {[%clk 0:01:53]}  axb4 {[%clk 0:01:17]} 33. cxb4 {[%clk 0:01:54]}  Qxb4 {[%clk 0:01:17]} 34. Nc6 {[%clk 0:01:52]}  Qc5 {[%clk 0:01:04]} 35. Nxd8 {[%clk 0:01:52]} 1-0

[Event "April 9 Early 2024"]
[Site "Chess.com"]
[Date "2024.04.09"]
[Round "2"]
[White "Halsagar Chincholimath"]
[Black "Krivenko, Dion"]
[Result "0-1"]
[Board "287"]
[WhiteFideId "5022487"]
[BlackFideId "4508378"]
[WhiteTitle "CM"]
[BlackTitle "CM"]
[WhiteElo "1970"]
[BlackElo "2454"]
[WhiteTeam "IND"]
[BlackTeam "EST"]
[WhiteClock "0:00:39"]
[BlackClock "0:00:09"]
[Variant "Standard"]

1. e4 {[%clk 0:03:00]}  e6 {[%clk 0:02:59]} 2. d4 {[%clk 0:02:58]}  d5 {[%clk 0:02:58]} 3. e5 {[%clk 0:02:57]}  b6 {[%clk 0:02:44]} 4. Bd3 {[%clk 0:02:52]}  c5 {[%clk 0:02:42]} 5. c3 {[%clk 0:02:52]}  Qd7 {[%clk 0:02:40]} 6. Ne2 {[%clk 0:02:41]}  Ba6 {[%clk 0:02:40]} 7. O-O {[%clk 0:02:39]}  Bxd3 {[%clk 0:02:39]} 8. Qxd3 {[%clk 0:02:40]}  Nc6 {[%clk 0:02:40]} 9. a3 {[%clk 0:02:39]}  h5 {[%clk 0:02:39]} 10. Be3 {[%clk 0:02:34]}  Nh6 {[%clk 0:02:39]} 11. h3 {[%clk 0:02:32]}  Nf5 {[%clk 0:02:38]} 12. Nd2 {[%clk 0:02:31]}  g6 {[%clk 0:02:36]} 13. Ng3 {[%clk 0:02:28]}  Be7 {[%clk 0:02:24]} 14. Rad1 {[%clk 0:02:23]}  h4 {[%clk 0:02:08]} 15. Ne2 {[%clk 0:02:16]}  Rg8 {[%clk 0:01:59]} 16. dxc5 {[%clk 0:02:16]}  bxc5 {[%clk 0:01:57]} 17. Ne4 {[%clk 0:02:16]}  Nxe5 {[%clk 0:01:49]} 18. Qa6 {[%clk 0:02:15]}  Rc8 {[%clk 0:01:29]} 19. Bf4 {[%clk 0:02:09]}  Nc6 {[%clk 0:01:17]} 20. Bg5 {[%clk 0:02:07]}  Bxg5 {[%clk 0:00:57]} 21. Nxg5 {[%clk 0:02:08]}  Kf8 {[%clk 0:00:56]} 22. Qb5 {[%clk 0:02:05]}  Qe7 {[%clk 0:00:46]} 23. f4 {[%clk 0:02:00]}  Ne3 {[%clk 0:00:42]} 24. Qd3 {[%clk 0:01:54]}  Nxd1 {[%clk 0:00:37]} 25. Rxd1 {[%clk 0:01:54]}  Qf6 {[%clk 0:00:29]} 26. Nh7+ {[%clk 0:01:53]}  Kg7 {[%clk 0:00:27]} 27. Nxf6 {[%clk 0:01:54]}  Kxf6 {[%clk 0:00:28]} 28. b4 {[%clk 0:01:48]}  c4 {[%clk 0:00:22]} 29. Qd2 {[%clk 0:01:47]}  Rgd8 {[%clk 0:00:19]} 30. Nd4 {[%clk 0:01:47]}  Ne7 {[%clk 0:00:19]} 31. Qe2 {[%clk 0:01:46]}  Kg7 {[%clk 0:00:17]} 32. Qe5+ {[%clk 0:01:44]}  Kg8 {[%clk 0:00:17]} 33. Re1 {[%clk 0:01:39]}  Nc6 {[%clk 0:00:09]} 34. Nxc6 {[%clk 0:01:37]}  Rxc6 {[%clk 0:00:10]} 35. Qf6 {[%clk 0:01:37]}  Rdc8 {[%clk 0:00:07]} 36. Qxh4 {[%clk 0:01:35]}  Kg7 {[%clk 0:00:07]} 37. Rd1 {[%clk 0:01:30]}  Ra6 {[%clk 0:00:07]} 38. Qg5 {[%clk 0:01:25]}  Rxa3 {[%clk 0:00:05]} 39. h4 {[%clk 0:01:24]}  Rh8 {[%clk 0:00:04]} 40. g3 {[%clk 0:01:19]}  Rh5 {[%clk 0:00:05]} 41. Qe7 {[%clk 0:01:13]}  Rxc3 {[%clk 0:00:05]} 42. Qxa7 {[%clk 0:01:12]}  Rxg3+ {[%clk 0:00:05]} 43. Kf2 {[%clk 0:01:11]}  Rg4 {[%clk 0:00:04]} 44. Qd4+ {[%clk 0:01:08]}  Kg8 {[%clk 0:00:04]} 45. Ra1 {[%clk 0:01:03]}  e5 {[%clk 0:00:03]} 46. fxe5 {[%clk 0:00:55]}  Rxd4 {[%clk 0:00:03]} 47. e6 {[%clk 0:00:54]}  fxe6 {[%clk 0:00:03]} 48. Ra8+ {[%clk 0:00:54]}  Kf7 {[%clk 0:00:04]} 49. Ra7+ {[%clk 0:00:53]}  Kf6 {[%clk 0:00:04]} 50. b5 {[%clk 0:00:53]}  Rd2+ {[%clk 0:00:04]} 51. Ke3 {[%clk 0:00:53]}  Rb2 {[%clk 0:00:05]} 52. Ra5 {[%clk 0:00:45]}  Rxb5 {[%clk 0:00:06]} 53. Rxb5 {[%clk 0:00:45]}  d4+ {[%clk 0:00:06]} 54. Kxd4 {[%clk 0:00:43]}  Rxb5 {[%clk 0:00:07]} 55. Kxc4 {[%clk 0:00:44]}  Rh5 {[%clk 0:00:08]} 56. Kd4 {[%clk 0:00:44]}  Rxh4+ {[%clk 0:00:08]} 57. Kc5 {[%clk 0:00:39]}  Kf5 {[%clk 0:00:09]} 0-1

[Event "April 9 Early 2024"]
[Site "Chess.com"]
[Date "2024.04.09"]
[Round "2"]
[White "Padmini, Rout"]
[Black "Smirnov, Timofey"]
[Result "1-0"]
[Board "288"]
[WhiteFideId "5029295"]
[BlackFideId "24176427"]
[WhiteTitle "IM"]
[BlackTitle "FM"]
[WhiteElo "2447"]
[BlackElo "1953"]
[WhiteTeam "IND"]
[BlackTeam "RUS"]
[WhiteClock "0:02:03"]
[BlackClock "0:01:26"]
[Variant "Standard"]

1. e4 {[%clk 0:03:00]}  e5 {[%clk 0:02:59]} 2. Nf3 {[%clk 0:03:00]}  Nf6 {[%clk 0:03:00]} 3. Nxe5 {[%clk 0:02:58]}  d6 {[%clk 0:03:00]} 4. Nf3 {[%clk 0:02:58]}  Nxe4 {[%clk 0:03:01]} 5. Nc3 {[%clk 0:02:59]}  Nxc3 {[%clk 0:03:00]} 6. dxc3 {[%clk 0:03:00]}  Be7 {[%clk 0:03:01]} 7. Be3 {[%clk 0:03:00]}  Be6 {[%clk 0:03:00]} 8. Qd2 {[%clk 0:02:59]}  Nc6 {[%clk 0:02:57]} 9. O-O-O {[%clk 0:02:55]}  Qd7 {[%clk 0:02:57]} 10. Kb1 {[%clk 0:02:54]}  O-O-O {[%clk 0:02:57]} 11. Ng5 {[%clk 0:02:53]}  h6 {[%clk 0:02:39]} 12. Nxe6 {[%clk 0:02:52]}  Qxe6 {[%clk 0:02:40]} 13. f4 {[%clk 0:02:46]}  Rde8 {[%clk 0:02:27]} 14. Bb5 {[%clk 0:02:42]}  Qd7 {[%clk 0:02:15]} 15. Bxa7 {[%clk 0:02:38]}  b6 {[%clk 0:02:11]} 16. Qd5 {[%clk 0:02:09]}  Kb7 {[%clk 0:02:07]} 17. Rd4 {[%clk 0:02:04]}  Ra8 {[%clk 0:02:00]} 18. Rc4 {[%clk 0:02:04]}  Kxa7 {[%clk 0:01:26]} 19. Bxc6 {[%clk 0:02:03]} 1-0

[Event "April 9 Early 2024"]
[Site "Chess.com"]
[Date "2024.04.09"]
[Round "2"]
[White "Grbac, Boris"]
[Black "Zafirakos, Jesse"]
[Result "0-1"]
[Board "290"]
[WhiteFideId "14503565"]
[BlackFideId "3236200"]
[WhiteTitle "FM"]
[BlackTitle "CM"]
[WhiteElo "1912"]
[BlackElo "2445"]
[WhiteTeam "CRO"]
[BlackTeam "AUS"]
[WhiteClock "0:01:28"]
[BlackClock "0:01:14"]
[Variant "Standard"]

1. d4 {[%clk 0:02:56]}  f6 {[%clk 0:02:46]} 2. Nc3 {[%clk 0:02:55]}  e5 {[%clk 0:02:45]} 3. dxe5 {[%clk 0:02:53]}  fxe5 {[%clk 0:02:46]} 4. Nf3 {[%clk 0:02:53]}  Nc6 {[%clk 0:02:45]} 5. Bg5 {[%clk 0:02:52]}  Be7 {[%clk 0:02:45]} 6. Bxe7 {[%clk 0:02:49]}  Ngxe7 {[%clk 0:02:46]} 7. e4 {[%clk 0:02:50]}  O-O {[%clk 0:02:44]} 8. Bc4+ {[%clk 0:02:49]}  Kh8 {[%clk 0:02:44]} 9. Ng5 {[%clk 0:02:46]}  Qe8 {[%clk 0:02:32]} 10. Nd5 {[%clk 0:02:32]}  Nxd5 {[%clk 0:02:23]} 11. Qxd5 {[%clk 0:02:31]}  h6 {[%clk 0:02:21]} 12. Nf3 {[%clk 0:02:19]}  d6 {[%clk 0:02:18]} 13. O-O-O {[%clk 0:02:18]}  Bg4 {[%clk 0:02:12]} 14. Rd3 {[%clk 0:02:16]}  Nb4 {[%clk 0:02:10]} 15. Qxb7 {[%clk 0:02:08]}  Nxd3+ {[%clk 0:02:04]} 16. Bxd3 {[%clk 0:02:08]}  Qc8 {[%clk 0:01:55]} 17. Qb3 {[%clk 0:02:00]}  Bxf3 {[%clk 0:01:53]} 18. gxf3 {[%clk 0:02:00]}  Rxf3 {[%clk 0:01:54]} 19. Rg1 {[%clk 0:01:59]}  Qg8 {[%clk 0:01:51]} 20. Qb7 {[%clk 0:01:56]}  Qc8 {[%clk 0:01:42]} 21. Qd5 {[%clk 0:01:54]}  Rb8 {[%clk 0:01:38]} 22. Bc4 {[%clk 0:01:47]}  Qb7 {[%clk 0:01:18]} 23. b3 {[%clk 0:01:38]}  Qxd5 {[%clk 0:01:17]} 24. exd5 {[%clk 0:01:37]}  Rxf2 {[%clk 0:01:17]} 25. h4 {[%clk 0:01:37]}  Rbf8 {[%clk 0:01:15]} 26. Rg6 {[%clk 0:01:31]}  R8f6 {[%clk 0:01:14]} 27. Rg4 {[%clk 0:01:31]}  R2f4 {[%clk 0:01:15]} 28. Rg3 {[%clk 0:01:28]}  Rxh4 {[%clk 0:01:14]} 0-1

[Event "April 9 Early 2024"]
[Site "Chess.com"]
[Date "2024.04.09"]
[Round "2"]
[White "Chernomordik, Pavel"]
[Black "Hernandez Santos, David Ale"]
[Result "1-0"]
[Board "294"]
[WhiteFideId "2804530"]
[BlackFideId "5132002"]
[WhiteTitle "FM"]
[BlackTitle "CM"]
[WhiteElo "2440"]
[BlackElo "1858"]
[WhiteTeam "ISR"]
[BlackTeam "MEX"]
[WhiteClock "0:00:36"]
[BlackClock "0:00:02"]
[Variant "Standard"]

1. e4 {[%clk 0:03:00]}  c5 {[%clk 0:02:59]} 2. Nc3 {[%clk 0:03:00]}  e6 {[%clk 0:02:58]} 3. f4 {[%clk 0:03:00]}  d5 {[%clk 0:02:58]} 4. Nf3 {[%clk 0:02:59]}  Nc6 {[%clk 0:02:55]} 5. Bb5 {[%clk 0:02:58]}  a6 {[%clk 0:02:54]} 6. Bxc6+ {[%clk 0:02:58]}  bxc6 {[%clk 0:02:55]} 7. Qe2 {[%clk 0:02:57]}  Nf6 {[%clk 0:02:55]} 8. d3 {[%clk 0:02:56]}  Be7 {[%clk 0:02:53]} 9. O-O {[%clk 0:02:54]}  Bb7 {[%clk 0:02:53]} 10. Na4 {[%clk 0:02:52]}  Qa5 {[%clk 0:02:48]} 11. b3 {[%clk 0:02:51]}  O-O-O {[%clk 0:02:36]} 12. Bd2 {[%clk 0:02:46]}  Qc7 {[%clk 0:02:35]} 13. c4 {[%clk 0:02:44]}  dxe4 {[%clk 0:02:30]} 14. dxe4 {[%clk 0:02:44]}  Rd7 {[%clk 0:02:25]} 15. Ne5 {[%clk 0:02:43]}  Rd4 {[%clk 0:02:19]} 16. Nc3 {[%clk 0:02:42]}  Bd6 {[%clk 0:02:13]} 17. Be3 {[%clk 0:02:35]}  Bxe5 {[%clk 0:01:50]} 18. fxe5 {[%clk 0:02:33]}  Qxe5 {[%clk 0:01:46]} 19. Bf4 {[%clk 0:02:24]}  Qh5 {[%clk 0:01:30]} 20. Qe3 {[%clk 0:02:22]}  Rhd8 {[%clk 0:01:25]} 21. Na4 {[%clk 0:02:17]}  Kd7 {[%clk 0:01:15]} 22. Nxc5+ {[%clk 0:02:13]}  Qxc5 {[%clk 0:01:06]} 23. Kh1 {[%clk 0:02:08]}  Qh5 {[%clk 0:00:56]} 24. Qxd4+ {[%clk 0:02:07]}  Ke7 {[%clk 0:00:52]} 25. Qb6 {[%clk 0:02:04]}  Rd7 {[%clk 0:00:52]} 26. Qb4+ {[%clk 0:01:57]}  c5 {[%clk 0:00:51]} 27. Qe1 {[%clk 0:01:52]}  Bxe4 {[%clk 0:00:50]} 28. Rd1 {[%clk 0:01:46]}  Qg4 {[%clk 0:00:18]} 29. Rxd7+ {[%clk 0:01:44]}  Nxd7 {[%clk 0:00:19]} 30. Qf2 {[%clk 0:01:41]}  Nf6 {[%clk 0:00:16]} 31. Qxc5+ {[%clk 0:01:39]}  Kd7 {[%clk 0:00:05]} 32. Qf2 {[%clk 0:01:25]}  Nh5 {[%clk 0:00:04]} 33. Be3 {[%clk 0:01:21]}  f5 {[%clk 0:00:04]} 34. Kg1 {[%clk 0:01:18]}  Ke7 {[%clk 0:00:04]} 35. h3 {[%clk 0:01:16]}  Qg6 {[%clk 0:00:04]} 36. Rd1 {[%clk 0:01:13]}  Nf6 {[%clk 0:00:05]} 37. Rd2 {[%clk 0:01:09]}  h5 {[%clk 0:00:05]} 38. Qf4 {[%clk 0:01:08]}  Nd7 {[%clk 0:00:05]} 39. Qd6+ {[%clk 0:01:07]}  Kf6 {[%clk 0:00:05]} 40. Qxd7 {[%clk 0:01:06]}  Qg3 {[%clk 0:00:06]} 41. Bd4+ {[%clk 0:01:00]}  e5 {[%clk 0:00:03]} 42. Qd6+ {[%clk 0:00:52]}  Kg5 {[%clk 0:00:04]} 43. Bxe5 {[%clk 0:00:50]}  Qe1+ {[%clk 0:00:04]} 44. Kh2 {[%clk 0:00:49]}  h4 {[%clk 0:00:04]} 45. Bf4+ {[%clk 0:00:48]}  Kh5 {[%clk 0:00:04]} 46. Qf8 {[%clk 0:00:39]}  Kg6 {[%clk 0:00:03]} 47. Qe8+ {[%clk 0:00:37]}  Kh7 {[%clk 0:00:02]} 48. Qh5+ {[%clk 0:00:37]}  Kg8 {[%clk 0:00:02]} 49. Rd8# {[%clk 0:00:36]} 1-0